| 000 | 00615nam a22002057a 4500 | ||
|---|---|---|---|
| 003 | OSt | ||
| 005 | 20240626110416.0 | ||
| 008 | 240626b |||||||| |||| 00| 0 eng d | ||
| 020 | _a0333665996 | ||
| 040 | _cMUST | ||
| 082 | _a541.3 LEL 2000 | ||
| 100 | _4Wolfe, Robert | ||
| 245 |
_aFarm wars : _bthe political economy of agriculture and the international trade regime / _cRobert Wolfe |
||
| 260 |
_aLondon _bMacmillan _c2000 |
||
| 300 |
_axix, 235p.: _bill .; _c20 cm. |
||
| 504 | _aIncludes bibliographical references and index | ||
| 650 |
_aAgriculture _94591 |
||
| 650 |
_aFarms _917971 |
||
| 942 |
_2ddc _cO_SHELF |
||
| 999 |
_c8891 _d8891 |
||